000 00474cam a22001934a 4500
005 20250605164252.0
008 250528s ||||||||||||||||||||||||d
035 _a21780
020 _a9789609500104
040 _aGR-AtMCL
_bgre
_dGR-AtMCL
_eAACR2
245 1 _aΟ ΤΖΑΚ ΚΑΙ Η ΦΑΣΟΛΙΑ
250 _a1
260 _bJoconda,
_c2012
300 _a12
700 1 _aΒουλγαρη Μαρια
_97702
942 _cBK
999 _c6839
_d6839